000 00428nam a2200157Ia 4500
008 190805s9999||||xx |||||||||||||| ||und||
020 _a9788126464135
_cRs. 200.00
082 0 4 _a894.812092
_bM2648
100 1 _aMadhavikutty
245 1 0 _aEnte Katha /
_cMadhavikutty
260 _aKottayam :
_bD C Books,
_c2019
300 _a197 p.
_b : ill.
_c; 21 cm.
650 0 _aMalayalam fiction
942 _cBK
999 _c449
_d449